Statistiken für Rundfunkanstalten der ARD

Klicken Sie hier um das Quiz zu spielen!

Allgemein

  • Dieses Quiz wurde 177 mal gespielt
  • Das Durchschnittsergebnis liegt bei 8 aus 9

Antwortstatistiken

KürzelRundfunkanstaltSitzSendegebietGründung% Korrekt
BRBayerischer RundfunkMünchenBayern1949
99%
WDRWestdeutscher Rundfunk KölnKölnNordrhein-Westfalen1956
96%
hrHessischer RundfunkFrankfurt am MainHessen1948
93%
NDRNorddeutscher RundfunkHamburgHamburg, Niedersachsen, Schleswig-Holstein, Mecklenburg-Vorpommern1956
93%
SWRSüdwestrundfunkStuttgartBaden-Württemberg, Rheinland-Pfalz1998
93%
MDRMitteldeutscher RundfunkLeipzigSachsen, Sachsen-Anhalt, Thüringen1991
92%
rbbRundfunk Berlin-BrandenburgBerlin, PotsdamBerlin, Brandenburg2003
87%
SRSaarländischer RundfunkSaarbrückenSaarland1957
83%
-Radio BremenBremenBremen1945
62%

Verteilung der Resultate

Perzentil nach korrekt beantworteten Fragen

Anzahl Personen mit jedem Resultat

Ihre Resultats-Entwicklung

Sie haben dieses Quiz noch nicht gespielt